| АИС "Историко-культурное наследие Беларуси" | ||
| Базовый | Расширенный | Профессиональный | Словарь персоналий | Тематический словарь | По видам объектов | История запросов Заказы | Регистрация | |
Запись в MARC-формате
| копировать MARC-запись |
=LDR 00000nx\\c2200241\\\45\\
=001 BY-NLB-ar3283343
=005 20160330095632.8
=100 \\$a20090923abely50\\\\\\ca0
=152 \\$apsbo
=160 \\$ae-bw
=215 \\$aКасцёл Прасвятой Тройцы (Беніца, вёска; Маладзечанскі раён)
=300 1\$aПомнік архітэктуры барока. Пабудаваны ў 1701–1704 гг. У 1866 г. перароблены пад царкву. З 1919 г. – касцёл, у 1948 г. закрыты. З 1988 г. у стане рэстаўрацыі.
=356 \\$aЗнаходзіцца на плошчы вёскі Беніца Лебедзеўскага сельсавета Маладзечанскага раёна Мінскай вобласці.
=415 \\$aБеніцкі Троіцкі касцёл
=415 \\$aБеніцкі касцёл бернардзінцаў
=415 \\$aКасцёл Найсвяцейшай Тройцы (Беніца, вёска; Маладзечанскі раён)
=415 \\$aКасцёл Святой Тройцы (Беніца, вёска; Маладзечанскі раён)
=515 \\$5w$3BY-NLB-ar3283331$aКостел Пресвятой Троицы (Беница, деревня; Молодечненский район)
=801 \0$aBY$bBY-HM0000$c20090923
=810 \\$aАрхітэктура Беларусі : энцыклапедычны даведнік. — Мінск, 1993.
=810 \\$aКаталіцкія храмы Беларусі / А. М. Кулагін. — Мінск, 2008.
=810 \\$aРеспублика Беларусь : энциклопедия. [В 7 т.]. Т. 2. — Минск, 2006.
=999 \\$f40$t20090923
Чтобы вернуться назад, щелкните кнопку BACK на Вашем браузере